| 000 | 01360cam a22003617a 4500 | ||
|---|---|---|---|
| 003 | CHAP | ||
| 005 | 20220329134711.0 | ||
| 008 | 971013s1967 r 00010 d | ||
| 010 | _a24421 | ||
| 011 | _a25393 | ||
| 035 | _a29493 | ||
| 040 | _cCHAP | ||
| 082 |
_a635.52 _bI5Y |
||
| 110 |
_aInstitut National de Vulgarisation pour les Fruits, Legumes et Champignons. Paris _959012 |
||
| 245 | 1 | 3 |
_aLa lechuga _b: cultivo y comercialización |
| 260 |
_aBarcelona : _bOikos-Tau, _c1967 |
||
| 300 |
_a216 p. _b: ilus |
||
| 490 | 0 | _aTratado de especialización agrícola | |
| 590 |
_aBATCH-UPD _b10 _c20130110 _lUCH01 _h0219 |
||
| 590 |
_aBATCH-UPD _b10 _c20130110 _lUCH01 _h1346 |
||
| 590 |
_aBATCH-UPD _b10 _c20130409 _lUCH01 _h2239 |
||
| 590 |
_aBATCH-UPD _b10 _c20130914 _lUCH01 _h1718 |
||
| 590 |
_aCONVERSION _b10 _c20130109 _lUCH01 _h1314 |
||
| 650 | 1 | 4 |
_aLechuga. _965452 |
| 650 | 1 | 4 |
_aLechuga _xMercadeo. _965468 |
| 830 | 0 |
_aTratado de especialización agrícola _9114679 |
|
| 901 | _aBK | ||
| 942 | _cLIBRO | ||
| 949 |
_a635.52 I5Y _bBC _cLIBRO _d-68208 _eLIBRO _fc.2 _h14837 _i29493 _si _t183.00 |
||
| 949 |
_a635.52 I5Y _bBC _cLIBRO _d33724000224424 _eLIBRO _fc.3 _h75408 _i29493 _so _t183.00 |
||
| 949 |
_a635.52 I5Y _bBC _cLIBRO _d33724000262440 _eLIBRO _h14867 _i29493 _so _t183.00 |
||
| 949 |
_a635.52 I5Y _bBC _cLIBRO _d33724000947438 _eLIBRO _fc.4 _h92934 _i29493 _kDonaciØn _si |
||
| 999 |
_c24421 _d24421 |
||